HIGH COURT CRIMINAL SESSION No.49 of 1990 Uganda Vs Patrick Agaba alias Bagonza (Record no. 8313)

MARC details
000 -LEADER
fixed length control field 00321nam a22000977a 4500
008 - FIXED-LENGTH DATA ELEMENTS--GENERAL INFORMATION
fixed length control field 150729b xxu||||| |||| 00| 0 eng d
010 ## - LIBRARY OF CONGRESS CONTROL NUMBER
Field link and sequence number HCCRSARF: 039
245 ## - TITLE STATEMENT
Title HIGH COURT CRIMINAL SESSION No.49 of 1990 Uganda Vs Patrick Agaba alias Bagonza
260 ## - PUBLICATION, DISTRIBUTION, ETC. (IMPRINT)
Place of publication, distribution, etc High Court Kampala
500 ## - GENERAL NOTE
Materials specified Before: Hon. Mr. Ag Justice I.Mukanza
Holdings
Withdrawn status Lost status Source of classification or shelving scheme Damaged status Not for loan Location (home branch) Sublocation or collection (holding branch) Shelving location Date acquired Koha issues (times borrowed) Piece designation (barcode) Koha date last seen Price effective from Koha item type Public note
    Dewey Decimal Classification     Archives Archives Archives 07/29/2015   HCCRSARF:039 07/29/2015 07/29/2015 Un Reported Cases Judgment entered on 30/11/90